000 01165cam a22003257a 4500
003 CHAP
005 20220329141848.0
008 980313d1997 mx r 00110 spa d
010 _a74940
011 _a75912
035 _a85485
040 _cCHAP
090 _aTesis
100 0 0 _aVital Tapia, Felipe.
_9120006
245 1 0 _aEvaluación de fungicidas para el control de la pudrición basal (Fusarium oxysporium Schelect f sp. cepae (Hanz) Snyd Hans) de ajo (Allium sativum L) en Chapingo, México
_c/por Felipe Vital Tapia
260 _aChapingo, Méx. :
_bEl autor,
_c1997.
300 _a62 h. :
_bgráfs.
502 _aTesis (Ing. Agr. Esp. en Fitotecnia) -- UACH. Departamento de Fitotecnia
590 _aALEPH
_b10
_c20130110
_lUCH01
_h1422
590 _aBATCH-UPD
_b10
_c20130110
_lUCH01
_h0813
590 _aCONVERSION
_b10
_c20130109
_lUCH01
_h1341
650 1 4 _aAjo
_xEnfermedades.
_93184
650 1 4 _aFungicidas.
_944044
650 1 4 _aFusarium oxysporum.
_944093
901 _aBK
905 _aLilia Sánchez G.
942 _cFOLL
949 _bBC
_cTES
_d33724000586061
_eTS2
_fc.2
_h32434
_i85485
_si
949 _bBC
_cTES
_d854851
_eTS1
_h32433
_i85485
_sb
999 _c74940
_d74940